| 000 | 01025nam a2200313 c 4500 | ||
|---|---|---|---|
| 003 | BLK | ||
| 005 | 20220302131057.0 | ||
| 008 | 180413b bul|||||r ||||||| ||bul|| | ||
| 010 | _aKNG00023039000 | ||
| 040 | _aBLK | ||
| 041 |
_aBUL _cBUL |
||
| 080 |
_aКучета _b636.7 _x(035) _z636.7(035) |
||
| 100 | 1 |
_aРогер, Хелмут _eпърви автор _9365574 |
|
| 139 |
_aРогер, Хелмут _bР 71 |
||
| 245 | 1 | 0 |
_aКучето _cХелмут Рогер. |
| 257 | _aDEU | ||
| 260 |
_аСофия _bЕмас _c1998 _fСофия : Балкан прес |
||
| 300 |
_a271 с. _bс ил., 8 л. цв. ил. _c20 см |
||
| 380 | _a63 | ||
| 490 | 1 | _aДомашни любимци | |
| 500 | _aОриг. загл. Mein Erster Hund / Helmut Rogger. - 3 000 тир. | ||
| 650 | 4 |
_aКучета - отглеждане _9262644 |
|
| 653 | _aкучета | ||
| 852 | _aЦб 197390 | ||
| 856 | 4 |
_qpdf _u |
|
| 856 | 4 |
_qpdf _u |
|
| 942 |
_cKNG _n0 _06 |
||
| 944 |
_aCR _c15.01.2003 _kAB_DOS |
||
| 944 |
_aED _c20.02.2017 _kХристина_Везирева |
||
| 999 |
_c20797 _d20797 |
||